000 05698cam a22005418i 4500
001 9780429243677
003 FlBoTFG
005 20250131102538.0
006 m o d
007 cr |||||||||||
008 230802s2023 nyu ob 001 0 eng
020 _a9780429243677
_q(ebk)
020 _a0429243677
020 _z9780367198497
_q(hbk)
020 _z9781032573991
_q(pbk)
020 _a9780429516825
_q(electronic bk.)
020 _a0429516827
_q(electronic bk.)
020 _a9780429513398
_q(electronic bk. : PDF)
020 _a0429513399
_q(electronic bk. : PDF)
020 _a9780429520259
_q(electronic bk. : Mobipocket)
020 _a0429520255
_q(electronic bk. : Mobipocket)
020 _z0367198495
024 7 _a10.4324/9780429243677
_2doi
040 _aKO
_beng
041 0 _aeng
082 0 0 _a050.9182/4
_223/eng/20230822
245 0 4 _aThe colonial periodical press in the Indian and Pacific Ocean regions /
_cedited by Sandra Ataíde Lobo, Jessica Falconi, Remy Dias, and Dave A. Smith.
264 1 _aNew York, NY :
_bRoutledge,
_c2024.
300 _a1 online resource.
490 0 _aRoutledge studies in cultural history
505 0 _aI. Magazines and Intellectual Movements -- Goan Avant-garde, Indian Renaissance: the Revista da Índia (1913) Manifesto / Duarte Drumond Braga -- Worldly Politics and Cultural Magazines: Subtle Forms of Communal Self-assertion in Colonial Goal (1910s-1920s) / Joana Passos -- Magazines and Intellectual Movements. Literature and Politics in the Goan Periodical O Académico (1940-1943) / Helder Garmes -- The Periodical Colonial Press in Mozambique, 1947-55: Literature and Culture in the Western Indian Ocean / Giulia Spinuzza -- Augusto dos Santos Abranches: Driving Force of Cultural Transits / Ada Milani -- Virgílio de Lemos and the Political, Cultural, and Aesthetic Project of Msaho / Carmen Lúcia Tindó Secco and Marinei Almeida -- Caliban in the Indian Ocean: Rui Knopfli's Role in the Mozambican Literary System / Ana Mafalda Leite and Vanessa Riambau Pinheiro -- II. Press and Politics of Identity -- Goan Literary History in the Periodical Press: The Works of Jacinto Caetano Barreto Miranda and Vicente de Bragança Cunha / Daniela Spina -- Racial Hybrids and the Local Elite: Perceptions and Attitudes towards the "Other" in Portuguese Goa in the Nineteenth Century / Carmen Sharmila Pais -- Catholics, Konkani, and Indian Nationalism: Brief Notes on News and Politics in Goa and Bombay (c. 1890-1960). -- Dale Luis Menezes -- The Foro Indiano: The Application of Law in Goa as Seen from the Novas Conquistas? / Luís Pedroso de Lima Cabral de Oliveira -- Bharat'kar and his attempt towards Saraswat Lusitanisation / Varsha Vijayendra Kamat -- III. Writing colonial conflicts, crisis, and change -- Gatekeeping the News: Press Reports in the Koloniaal Tijdschrift Concerning the Dutch East Indies / Lisa Kuitert -- Modernity as Crisis: Migrants 'writing back' in the Colonial Goan Konkani Newspaper Amchó -- Gão (1929-1933)./ Remy Dias -- Catholic Press within the Politics of Democratization of Goan Catholicism: the Confrarias Polemics at the Newspaper Vauraddeancho Ixtt (1933-51) / Denis Evereth Fernandes -- The Angry Native in Portuguese Timor: The Rebellion of Manufahi in the Australian Press / Lúcio Sousa -- Assolna, Velim, Cuncolim Tri-conglomerate: Rebellious Voices in Gomantak / Sushila Sawant Mendes -- Negotiating Economic Blockade and Food Consumption as seen in Free Goa and the Goan Tribune / Maria de Lourdes Bravo da Costa.
520 _a"This book clarifies the crucial role of periodical press in the advance of colonial print cultures and public debates in the Indian and Pacific Oceans. The Colonial Periodical Press in the Indian and Pacific Ocean Regions is a venture of the International Group for Studies of Colonial Periodical Press of the Portuguese Empire IGSCP PE, which also invests on comparative studies and conceptual discussions. Moving around urban shores of the Indian and Pacific Oceans, it approaches the crucial role of periodical press in the development of colonial print cultures and public debates in these regions. By being mostly focused on press from spaces and peoples under the domain of the Portuguese Empire, it addresses a bibliographical gap in international discussions moved by the field. The outcome reflects an investment in offering decentred and denationalized approaches to the colonial print cultures and press histories under study, working as a platform for regional dialogues and comparative perspectives. The studies presented allow a better understanding of transits and connections both of an imperial and of a trans-imperial nature, contributing to the consolidation of comparative approaches in the studies of European empires and colonialisms. This volume is indispensable for scholars and students in Media Studies, Modern History, Cultural Studies, Literary Studies and Political Science"--
_cProvided by publisher.
650 0 _aPeriodicals
_xPublishing
_zIndian Ocean Region.
650 0 _aPeriodicals
_xPublishing
_zPacific Area.
650 0 _aPress and politics.
650 7 _aHISTORY / General
_2bisacsh
650 7 _aHISTORY / Social History
_2bisacsh
700 1 _aLobo, Sandra Ataíde,
_eeditor.
700 1 _aFalconi, Jessica,
_eeditor.
700 1 _aDias, Remy,
_eeditor.
700 1 _aSmith, David Addison,
_eeditor.
856 4 0 _3Taylor & Francis
_uhttps://www.taylorfrancis.com/books/9780429243677
856 4 2 _3OCLC metadata license agreement
_uhttp://www.oclc.org/content/dam/oclc/forms/terms/vbrl-201703.pdf
904 _aRUDRA_R
905 _aR_RANJAN
942 _2 ddc
_cEB
999 _c3125
_d3125